000
00252nam a2200109Ia 4500
008
230312s9999||||xx |||||||||||||| ||und||
082
_a
338.91
_b
CLA-I
100
_a
Clark ephraim
245
0
_a
International finance
650
_a
Management
942
_c
BK
999
_c
14626
_d
14626